[Event "An Pasan Alcor Christmas"]
[Site "Sofia"]
[Date "2016.12.28"]
[Round "4.3"]
[White "Ulian, Andrei Octavian"]
[Black "Kolev, Lachezar"]
[Result "0-1"]
[WhiteElo "1487"]
[BlackElo "1856"]
[PlyCount "116"]
[EventDate "2016.12.26"]
[EventType "team-schev"]
[EventRounds "6"]
[EventCountry "BUL"]
[SourceTitle "CBM 176 Extra"]
[Source "ChessBase"]
[SourceDate "2017.03.02"]
[SourceVersion "1"]
[SourceVersionDate "2017.03.02"]
[SourceQuality "1"]
[WhiteTeam "Alcor"]
[BlackTeam "An Pasan"]
[WhiteTeamCountry "ROU"]
[BlackTeamCountry "BUL"]

1. d4 Nf6 2. c4 e6 3. Nc3 Bb4 4. f3 0-0 5. a3 Bxc3+ 6. bxc3 d6 7. e3 Nbd7 8. Bd3 b6 9. Ne2 c5 10. 0-0 Ba6 11. Qa4 Bb7 12. e4 Rc8 13. Be3 Qc7 14. Rac1 Rfd8 15. Ng3 Qb8 16. Bf2 Nf8 17. Rfe1 Ng6 18. Be3 Qa8 19. Bd2 h6 20. f4 Ne7 21. d5 Nd7 22. Re2 e5 23. Rf1 Rc7 24. Ref2 Bc8 25. Be2 a6 26. f5 Nf6 27. Qc2 Kh7 28. Nh5 Neg8 29. Qd3 Nxh5 30. Bxh5 Nf6 31. Be2 b5 32. Bf3 bxc4 33. Qxc4 a5 34. Qa4 Bd7 35. Qc2 Qa6 36. Be2 c4 37. Rb1 Qa7 38. Bf3 Rb8 39. Rxb8 Qxb8 40. Rf1 Rb7 41. Bc1 Rb3 42. Rf2 Ba4 43. Qd2 Rb1 44. Rf1 Qb3 45. Bd1 Qb6+ 46. Kh1 Nxe4 47. Qe1 Rxc1 48. Qxe4 Rxd1 49. f6+ g6 50. Rxd1 Bxd1 51. h3 Qf2 52. Qb1 Bb3 53. Qe4 Qf1+ 54. Kh2 Qf4+ 55. Qxf4 exf4 56. h4 Bc2 57. Kh3 Bf5+ 58. g4 Bd7 0-1

[Event "An Pasan Alcor Christmas"]
[Site "Sofia"]
[Date "2016.12.27"]
[Round "3.4"]
[White "Nanovski, Stiliyan"]
[Black "Ulian, Andrei Octavian"]
[Result "0-1"]
[WhiteElo "1781"]
[BlackElo "1487"]
[PlyCount "78"]
[EventDate "2016.12.26"]
[EventType "team-schev"]
[EventRounds "6"]
[EventCountry "BUL"]
[SourceTitle "CBM 176 Extra"]
[Source "ChessBase"]
[SourceDate "2017.03.02"]
[SourceVersion "1"]
[SourceVersionDate "2017.03.02"]
[SourceQuality "1"]
[WhiteTeam "An Pasan"]
[BlackTeam "Alcor"]
[WhiteTeamCountry "BUL"]
[BlackTeamCountry "ROU"]

1. c4 e6 2. d4 d5 3. Nc3 Be7 4. Nf3 Nf6 5. Bg5 h6 6. Bh4 0-0 7. e3 b6 8. cxd5 exd5 9. Bd3 Be6 10. 0-0 Nbd7 11. Qc2 c5 12. b3 Qc8 13. dxc5 bxc5 14. Rac1 Nb6 15. e4 c4 16. bxc4 dxc4 17. Be2 Re8 18. e5 Nfd5 19. Nxd5 Bxd5 20. Bg3 Qb7 21. Rcd1 Rad8 22. Nh4 Rc8 23. Bf3 Bxh4 24. Bxd5 Nxd5 25. Bxh4 Rxe5 26. Bg3 Rg5 27. Rb1 Qc6 28. Rfe1 Qc5 29. h4 Rxg3 30. Re5 Rd3 31. Rbe1 Qc6 32. Rc1 Nf4 33. f3 Rcd8 34. Re4 R3d4 35. Rxd4 Rxd4 36. Rb1 Rd8 37. Rb4 Qc5+ 38. Kh2 Qxb4 39. Qf5 Qd6 0-1

[Event "An Pasan Alcor Christmas"]
[Site "Sofia"]
[Date "2016.12.27"]
[Round "2.5"]
[White "Ulian, Andrei Octavian"]
[Black "Hristov, Deyan"]
[Result "1/2-1/2"]
[WhiteElo "1487"]
[BlackElo "1495"]
[PlyCount "117"]
[EventDate "2016.12.26"]
[EventType "team-schev"]
[EventRounds "6"]
[EventCountry "BUL"]
[SourceTitle "CBM 176 Extra"]
[Source "ChessBase"]
[SourceDate "2017.03.02"]
[SourceVersion "1"]
[SourceVersionDate "2017.03.02"]
[SourceQuality "1"]
[WhiteTeam "Alcor"]
[BlackTeam "An Pasan"]
[WhiteTeamCountry "ROU"]
[BlackTeamCountry "BUL"]

1. e4 e5 2. Nf3 Nc6 3. d4 exd4 4. Bc4 h6 5. Nxd4 Bc5 6. Nxc6 Qf6 7. 0-0 dxc6 8. Qh5 Bb6 9. e5 Qf5 10. Qxf5 Bxf5 11. c3 Ne7 12. Nd2 0-0 13. Nf3 Ng6 14. Re1 Rfe8 15. h3 Re7 16. Nd4 Nh4 17. Nxf5 Nxf5 18. Bf4 g5 19. Bh2 Rae8 20. Rad1 Nd6 21. Bb3 Kf8 22. Kf1 Nf5 23. a3 Nh4 24. Rd2 Ng6 25. Rde2 c5 26. Bd5 c6 27. Ba2 Bc7 28. e6 Bxh2 29. g3 f5 30. Kg2 Bxg3 31. fxg3 f4 32. Rf2 Kg7 33. Rg1 b5 34. gxf4 Nxf4+ 35. Kh2 Nxe6 36. h4 c4 37. Bb1 Rd7 38. Re1 Nc7 39. Rg1 Re5 40. hxg5 Rxg5 41. Rfg2 Ne6 42. Bf5 Kf6 43. Rxg5 hxg5 44. Bxe6 Kxe6 45. Rxg5 Rd2+ 46. Rg2 Rxg2+ 47. Kxg2 Ke5 48. Kf3 a5 49. Ke3 Kd5 50. Kf4 c5 51. a4 bxa4 52. Ke3 Kc6 53. Kd2 a3 54. bxa3 Kb5 55. Kc2 Ka4 56. Kb2 Kb5 57. Kc2 Kc6 58. Kd2 Kd6 59. Ke2 1/2-1/2

[Event "ROM-ch U10"]
[Site "Calimanesti Caciulata"]
[Date "2016.04.25"]
[Round "9"]
[White "Tablan, Andrei Damian"]
[Black "Ulian, Andrei Octavian"]
[Result "1-0"]
[WhiteElo "1331"]
[BlackElo "1487"]
[PlyCount "103"]
[EventDate "2016.04.18"]
[EventType "swiss"]
[EventRounds "9"]
[EventCountry "ROU"]
[SourceTitle "EXT 2017"]
[Source "ChessBase"]
[SourceDate "2016.10.25"]
[SourceVersion "1"]
[SourceVersionDate "2016.10.25"]
[SourceQuality "1"]

1. d4 d5 2. c4 e6 3. e3 Nf6 4. Nc3 Be7 5. Bd3 0-0 6. b3 b6 7. Nf3 Bb7 8. 0-0 Nbd7 9. cxd5 exd5 10. Bb2 Re8 11. Ne5 Bd6 12. f4 Nf8 13. Rf3 Ng6 14. Qc2 a6 15. e4 dxe4 16. Nxe4 Bxe4 17. Bxe4 Nxe4 18. Qxe4 Qe7 19. Qd5 Rac8 20. Nc6 Qe4 21. Qxe4 Rxe4 22. g3 Rce8 23. Ne5 Nxe5 24. fxe5 Be7 25. Rc1 c5 26. d5 Bg5 27. Rd1 Be3+ 28. Kf1 Bd4 29. Bxd4 cxd4 30. d6 R4xe5 31. Rxd4 Re1+ 32. Kg2 R1e2+ 33. Kh3 Rd8 34. Rc3 Ree8 35. d7 Rf8 36. Rc6 Rb8 37. Rxb6 Ra8 38. Rxa6 Rad8 39. Rad6 f6 40. Kg4 Kf7 41. b4 h5+ 42. Kf4 g6 43. b5 Ke7 44. b6 Rb8 45. a4 Kd8 46. a5 Rf7 47. a6 g5+ 48. Kf5 Re7 49. a7 Ra8 50. b7 Re5+ 51. Kg6 Rxa7 52. b8Q+ 1-0

[Event "ROM-ch U10"]
[Site "Calimanesti Caciulata"]
[Date "2016.04.21"]
[Round "5"]
[White "Busuioc, Stelian Marian"]
[Black "Ulian, Andrei Octavian"]
[Result "1/2-1/2"]
[WhiteElo "1365"]
[BlackElo "1487"]
[PlyCount "78"]
[EventDate "2016.04.18"]
[EventType "swiss"]
[EventRounds "9"]
[EventCountry "ROU"]
[SourceTitle "CBM 172 Extra"]
[Source "ChessBase"]
[SourceDate "2016.06.21"]
[SourceVersion "1"]
[SourceVersionDate "2016.06.21"]
[SourceQuality "1"]

1. e4 c5 2. Nf3 d6 3. d4 cxd4 4. Nxd4 Nf6 5. Nc3 a6 6. Bg5 e6 7. f4 b5 8. a3 Bb7 9. Be2 Nbd7 10. Bf3 Rc8 11. 0-0 Be7 12. Kh1 Qc7 13. Qd2 h6 14. Bxf6 Nxf6 15. Rad1 0-0 16. Rfe1 Rfd8 17. Nb3 Qb6 18. Qd4 Qxd4 19. Nxd4 Nd7 20. Nb3 Bf6 21. Rd3 Nc5 22. Nxc5 dxc5 23. Red1 Rxd3 24. Rxd3 Bxc3 25. Rxc3 Rd8 26. Rd3 Rd4 27. Rxd4 cxd4 28. Kg1 f6 29. Kf2 e5 30. f5 Kf7 31. Ke2 Ke7 32. Kd3 Kd6 33. b4 Bc6 34. h4 Be8 35. h5 Bf7 36. Be2 Ba2 37. Bf3 Bc4+ 38. Kd2 Bf1 39. Kc1 Bc4 1/2-1/2

[Event "ROM-ch U10"]
[Site "Calimanesti Caciulata"]
[Date "2016.04.18"]
[Round "1"]
[White "Berechet, Eduard Mihai"]
[Black "Ulian, Andrei Octavian"]
[Result "0-1"]
[WhiteElo "1211"]
[BlackElo "1487"]
[PlyCount "46"]
[EventDate "2016.04.18"]
[EventType "swiss"]
[EventRounds "9"]
[EventCountry "ROU"]
[SourceTitle "CBM 172 Extra"]
[Source "ChessBase"]
[SourceDate "2016.06.21"]
[SourceVersion "1"]
[SourceVersionDate "2016.06.21"]
[SourceQuality "1"]

1. d4 d5 2. c4 e6 3. Nc3 Be7 4. Nf3 Nf6 5. Bg5 h6 6. Bh4 0-0 7. Rc1 b6 8. cxd5 Nxd5 9. Nxd5 exd5 10. Bxe7 Qxe7 11. e3 Bf5 12. Bb5 Qb4+ 13. Nd2 Qxb5 14. Rxc7 Na6 15. Rc1 Nb4 16. Rc3 Nd3+ 17. Rxd3 Qxd3 18. b3 Rac8 19. h3 Rc7 20. f3 Qxe3+ 21. Kf1 Bd3+ 22. Qe2 Bxe2+ 23. Ke1 Rc1# 0-1